[Event "Millennium CG Exclusive - Tasc R30 V2.5"]
[Site "Wien"]
[Date "2021.04.23"]
[Round "50"]
[White "Tasc R30 V2.5, aktiv"]
[Black "Millennium CG Exclusive"]
[Result "0-1"]
[WhiteElo "2335"]
[BlackElo "2402"]
[PlyCount "102"]
[EventDate "2021.??.??"]

1. e4 e5 2. Nc3 Nc6 3. Nf3 d6 4. Bb5 {Buchende Tasc} Bd7 5. d4 exd4 6. Nxd4 {
Tasc zurück im Buch} g6 7. Be3 Bg7 8. Qd2 Nf6 9. Bxc6 bxc6 10. Bh6 O-O 11.
Bxg7 Kxg7 {Buchende Genius} 12. O-O-O {Buchende Tasc} Rb8 {Genius ist sehr
zufrieden mit seinen 11 Buchzügen, erste Bewertung +0,40. (Stockfish ist da
ganz anderer Meinung, er bewertet diese Eröffnung von Schwarz als mittlere
Katastrophe, hier bereits +1,40 für Weiss)} 13. Nf3 {Tasc ist ebenfalls sehr
zufrieden mit seinem Buch, erste Bewertung +0,44 (lt. Stockfish hat Weiss mit
diesem Zug fast den ganzen Vorteil verspielt, hier nur noch +0,25 für Weiss,
weit besser wäre 13. f3 (Variante von Stockfish gewesen)} Qe7 14. h3 Rfe8 15.
Rhe1 Be6 16. Qd4 c5 17. Qa4 Rb7 {lt. Stockfish ein Kastrophenzug vom Genius,
gleich um 1,50 Bauerneinheiten schlechter als 17. Sd7 , Bewertung Stockfish +2,
40 für Weiss)} 18. e5 {Und der Tasc spielt den selben Zug, den Stockfish
spielen würde mit einer Bewertung von +1,18} Nd7 {Genius sieht diese
Katastrophe nicht, nur -0,12} 19. Qa6 {Tasc +1,07, lt. Stockfish ist auch das
ein Katastrophenzug, der den gesamten Vorteil verschenkt, Stockfish hatte hier
cxd6 !! mit +2,50 bewertet, diesen Zug nur noch mit +0,40} Reb8 20. exd6 cxd6
21. Qxd6 {Tasc +1,03} Qf6 {Genius -0,60} 22. Na4 Rxb2 {Genius -0,57 (diesen
Zug hätte auch Stockfish gemacht)} 23. Nxb2 {Tasc +0,90} Qxb2+ {Genius -0,18}
24. Kd2 Qb4+ 25. c3 Qb2+ 26. Ke3 h6 {Genius -0,76 (Genius verwirft das logisch
erscheinende Dxc3+ im letzten Augenblick, das hatte er mit -0,79 bewertet)} 27.
Qc7 {Tasc +1,35 ?? (lt. Stockfish ein katastrophaler Fehler, der hier die
Fortsetzung Sf6 gleich mit +3,40 für Schwarz bewertet) !} Nf6 {Der Genius
macht den richtigen Zug, bewertet aber hier noch mit -0,17 knapp negativ.} 28.
Qxc5 {Der Tasc sieht noch keinen Fehler +1,23} Rc8 {Genius spielt die richtige
Fortsetzung, sieht aber nur geringen Vorteil +0,32} 29. Qe5 {Tasc +0,84} Bxh3 {
Genius +0,54 (auch dieser Zug ist lt. Stockfish richtig)} 30. gxh3 {Tasc +0,44}
Re8 {Genius +0,70} 31. Qxe8 {Tasc +0,06 (Stockfish +4,00 für Schwarz)} Nxe8
32. Rd3 Nf6 33. a4 Qb6+ 34. Nd4 {Tasc -0,01, also die Analysen von Stockfish
sind echt für den Hobbyspieler manchmal schwer zu verstehen, er hat hier Da5
mit +3,25, eigentlich hat ja Weiss 2 Türme für die Dame, also dass das
tatsächlich so aussichtlos ist für Weiss sieht für mich schon komisch aus,
aber wahrscheinlich versteht es Stockfish besser als ich, da kann ich nicht
mehr mitplaudern, da sind die Analysen unserer alten Compis für mich leichter
zu verfolgen -:)} Nd5+ {Genius sieht hier klaren Vorteil +1,25} 35. Kd2 {
Tasc -0,01} Nxc3 36. a5 {Tasc -0,30} Qc5 {Genius +1,62} 37. Ra1 {Tasc -0,41 
(Stockfish findet diesen Zug eine Katastrophe +5,30 für Schwarz)} Ne4+ {
Genius +2,18} 38. Ke3 {Tasc -0,88} Ng5 39. f4 {Tasc -0,88} Nxh3 {Genius +2,68}
40. Rf1 g5 {Genius +3,31} 41. fxg5 {Tasc -1,13} Qxg5+ {Genius +3,40} 42. Kf3 {
Tasc -1,77} Kh7 43. Ke4 Qg2+ 44. Rdf3 Ng5+ 45. Ke5 Nxf3+ 46. Rxf3 Qh2+ 47. Ke4
Kg6 48. Rf1 Qg2+ 49. Rf3 h5 50. Ke5 Qg5+ 51. Ke4 Qxa5 {Userentscheid: 0-1} 0-1

[Event "Millennium CG Exclusive - Tasc R30 V2.5"]
[Site "Wien"]
[Date "2021.04.24"]
[Round "51"]
[White "Millennium CG Exclusive"]
[Black "Tasc R30 V2.5, aktiv"]
[Result "1-0"]
[WhiteElo "2402"]
[BlackElo "2335"]
[PlyCount "76"]
[EventDate "2021.??.??"]

1. e4 e6 {Buchende Tasc} 2. Nc3 d5 3. exd5 exd5 4. d4 Bb4 5. Bd3 Nc6 {Tasc
zruück im Buch} 6. Nge2 Nge7 {Buchende Tasc} 7. Bg5 {Buchende Genius} a6 {
Tasc bewertet sein Buch knapp negativ -0,11} 8. O-O {Genius bewertet sein Buch
knapp positiv +0,12} f6 9. Be3 Bg4 10. f3 Be6 11. Nf4 Bf7 12. Nce2 g5 13. Nh3
Ba5 {Tasc -0,16 (diesem Zug stellt Stockfish ein ganz schlechtes Zeugnis aus,
er hätte hier Dd7 ausgeglichen bewertet, diesen Zug gleich mit +1,50 für
Weiss mit der Fortsetzung 14.Sf2)} 14. f4 {Genius +0,28 (Stockfish immerhin
noch +1,30 für Weiss)} g4 15. Nf2 f5 16. Ng3 Qd7 17. Bd2 {Genius +0,37 (lt.
Stockfish ein ganz schlechter Zug, um eine ganze Bauerneinheit schleter als 17.
c3, Stockfish bewertet hier ausgeglichen 0,00)} Bxd2 18. Qxd2 h5 19. Rfe1 O-O-O
20. c3 h4 21. Nf1 Kb8 22. b4 h3 23. g3 Nc8 24. a4 Nd6 {Tasc +0,08} 25. b5 {
Genius +0,90} Na5 26. Qc2 Nac4 27. bxa6 bxa6 {Tasc -0,17} 28. Bxc4 {Genius +1,
34 (Stockfish sieht es nach diesem Zug genau umgekehrt +1,34 für Schwarz !)}
dxc4 {Tasc -0,24, das ist der weit bessere Zug als das naheliegende Sxc4, was
auch der Genius erwartet hätte, dann wäre aber das Manöver Sf2-d3-e5
unangenehm für Schwarz gewesen, das sieht auch Stockfish so)} 29. Re5 {
Der Genius sieht es anders +1,43 (die Analysen von Stockfish sind für den
Hobbyspieler wieder schwer nachzuvollziehen, er bewertet hier 29. Ka8 !!
bereits mit +1,80 für Schwarz, mein Bauchgefühl würde mir hier sagen, dass
Weiss keinesfalls schlechter steht, aber bitte mit Stockfish kann ich
natürlich nicht konkurieren)} Qc6 {Tasc -0,34} 30. Ne3 Rhe8 31. Rb1+ {Genius
+1,46 (Stockfish +2,21 für Schwarz)} Ka8 32. Nfd1 {Stockfish mit der
Fortsetzung Txe5 bereits +4,15 für Schwarz !} Qf3 {Tasc -0,03, dieser Zug
verschenkt lt. Stockfish ganze 3,50 Bauerneinheiten, hier nur noch +1,00 für
Schwarz} 33. Rb2 Rb8 34. Qe2 Qc6 35. a5 Rb3 36. Ra2 {Stockfish mit der
Fortsetzung 36.Tb1 !! schon bei +5,50 für Schwarz.} Ne4 37. Qc2 Rxe5 38. dxe5
{Genius +0,31, Stockfish +6,65 für Schwarz} Rb5 (38... Be6 39. Ra1 Rb5 40. Qa2
Ka7 41. Qe2 Qc5 42. Kf1 Rxa5 43. Rxa5 Qxa5 44. Nxg4 Qd5 45. Nge3 Nxg3+ 46. Kf2
Ne4+ 47. Kg1 Qd7 48. Qf3 Qg7+ 49. Kh1 {Stockfish mit Ld7 bereits auf +7,20
für Schwarz} Qh8 50. Nf2 Nxc3 51. Nxh3 Ne4 52. Nf2 Nc5 {dieser Zug ist lt.
Stockfish eine Katastrophe um ganze 4,50 Bauerneinheit schlechter als Sd2 !!,
damit vergeigt der Tasc den ganzen Vorteil und Stockfish ist nur noch auf +0,
20 für Schwarz} 53. Qc6 Qa8 54. Qxa8+ Kxa8 55. Kg2 a5 56. Nfd1 Ne4 57. h4 a4
58. Nc2 c3 59. h5 Kb7 60. h6 Bg8 61. Kf3 Kc6 62. Ke2 Kc5 63. Nde3 Ng3+ {
Tasc -0,36 rechnet hier mit Kd3, lt. Stockfish gerät jetzt Schwarz bei der
Forsetzung Kf3 ! sogar noch in Verlustgefahr, er bewertet das mit +1,10} 64.
Kf3 {Genius +0,71} Ne4 {Tasc -0,05} 65. Nxf5 {Genius +1,03} Nd2+ {Tasc -0,55,
ein grober Fehler: Stockfish bewertet hier die Fortsetzung Kg4 bereits mit +4,
30 für Weiss} 66. Kg4 {Genius verwirft im letzten Augenblick Ke2 und spielt
den richtigen Zug, Bewertung +1,53} Bh7 {Tasc sieht noch kein Unheil nahen -0,
35} 67. Nfe3 {Genius +1,84} Nc4 {Tasc -0,08} 68. Nxc4 {Genius +2,46} Bxc2 {
Tasc -0,47} 69. Ne3 {Genius +2,65} Bh7 {Tasc -0,68} 70. f5 {Genius +2,65} a3 {
Tasc -0,51 rechnet mit der Fortsetzung 71.f6, doch der Genius spielt den
richtigen Zug, den auch Stockfish spielen würde (der ist übrigens bereits
bei +10,00 für Weiss)} 71. Nc2 a2 72. e6 Kd6 {also von diesem Endspiel hat
der Tasc wahrlich keine Ahnung, Bewertung hier +0,54 ??} 73. Kf4 (73. Kg5 {
Genius +1,56} Ke7 74. Na1 c6 {Tasc +0,61} 75. Nc2 c5 76. Na1 Kf8 {Tasc -0,31}
77. Kf6 {auch der Genius bleibt hier noch vorsichtig, nur +1,25} Ke8 {Tasc -2,
64 endlich erkennt er auch die schlechte Lage.} 78. e7 {Genius +6,78} c2 79.
Nxc2 c4 {Tasc -4,53} 80. Na1 {Genius +8,42} c3 {Tasc -7,70 (Stockfish: Matt in
15)} 81. Nc2 Bg8 82. Kg7 Bb3 83. h7 {Userentscheid: 1-0})) 1-0

[Event "Millennium CG Exclusive - Tasc R30 V2.5"]
[Site "Wien"]
[Date "2021.04.25"]
[Round "52"]
[White "Tasc R30 V2.5, aktiv"]
[Black "Millennium CG Exclusive"]
[Result "1-0"]
[WhiteElo "2335"]
[BlackElo "2402"]
[PlyCount "63"]
[EventDate "2021.??.??"]

1. c4 e5 2. Nf3 Nc6 3. Nc3 Nf6 4. d4 exd4 5. Nxd4 Bb4 6. Bg5 {Buchende Tasc}
Bxc3+ 7. bxc3 {Tasc bewertet sein Buch knapp negativ -0,06} Ne5 {Buchende
Genius} 8. e4 h6 {Genius bewertet sein Buch knapp positiv +0,07} 9. Bxf6 Qxf6
10. Be2 Qg6 {Genius +0,37, lt. Stockfish war das ein schlechter Zug, er
bewertet mit +1,10 für Weiss.} 11. O-O Qxe4 {Genius +0,31, lt. Stockfish ist
dieser Bauernraub ein Katastrophenzug, er bewertet die Fortsetzung 12.f4
bereits mit +3,50 für Weiss, praktisch hat hier Schwarz die Partie bereits
verloren.} 12. Qd2 {Tasc +0,53, der Tasc sieht diese Fortsetzung nicht, lt.
Stockfish ist also auch das ein Katastrophenzug der um ganze 3,50
Bauerneinheiten schlechter ist als f4., er bewertet mit 0,00} O-O {Genius +0,70
} 13. f4 {Tasc +0,52, um einen Zug zu spät macht er jetzt diesen Zug.} Ng6 {
Genius +0,64, ein absoluter Katastrophenzug, Stockfish bewertet sofort Tae1
mit +5,00 für Weiss, viel besser natürlich hier Sc6} 14. f5 {Tasc +1,16} Nh4
{Genius -0,39} 15. Bd3 {Tasc +1,45} Qg4 {Genius -0,48} 16. Rf4 {Tasc +1,48} Qg5
{Genius -0,54} 17. Raf1 b6 {Genius -0,60} 18. Qf2 {Tasc +1,99} Bb7 {Genius
bleibt uneinsichtig nur -0,54} 19. Be4 {Tasc +2,31} Bxe4 20. Rxe4 Nxg2 21. Qxg2
{Tasc +2,23, Weiss hat zwar hier eine schlechte Bauernstruktur und Schwarz hat
noch 2 Bauern für den Springer, aber ich denke diese Partie sollte doch der
Tasc ohne Probleme für sich entscheiden.} Qf6 {Jetzt geht auch der Genius
deutlich runter mit seiner Bewertung -1,37} 22. Qg3 d6 23. Qe3 c5 24. Nb5 Rfc8
25. Re7 Rd8 26. Nc7 Rab8 27. Nd5 Qg5+ 28. Qxg5 hxg5 29. f6 Re8 30. Nc7 Rf8 31.
fxg7 Kxg7 32. Ne6+ {Userentscheid: 1-0} 1-0

[Event "Millennium CG Exclusive - Tasc R30 V2.5"]
[Site "Wien"]
[Date "2021.04.25"]
[Round "53"]
[White "Millennium CG Exclusive"]
[Black "Tasc R30 V2.5, aktiv"]
[Result "1-0"]
[WhiteElo "2402"]
[BlackElo "2335"]
[PlyCount "101"]
[EventDate "2021.??.??"]

1. e4 d5 2. Nc3 dxe4 3. Nxe4 Nd7 4. d4 Ngf6 5. Nxf6+ Nxf6 {Buchende Tasc} 6.
Nf3 {Buchende Genius} Bg4 {Tasc beurteilt sein Buch nicht so gut, -0,49} 7. Bc4
{Genius beurteilt sein Buch mit +0,20} e6 8. Bg5 h6 9. Bh4 Bxf3 10. Qxf3 Bb4+
11. c3 Qxd4 12. Bxf6 Qxc4 13. Bxg7 Rh7 14. Qxb7 {Genius +1,21} Rd8 {Tasc -0,53}
15. Bf6 Be7 16. b3 Qd3 17. Qc6+ Qd7 18. Qxd7+ Rxd7 19. Bxe7 Kxe7 20. Rd1 Rxd1+
21. Kxd1 Rg7 22. g3 Rg5 23. Re1 {Genius +1,04} Rd5+ {Tasc -0,73 (Stockfish +2,
70 für Weiss)} 24. Kc2 f6 25. Re4 Rh5 26. h4 a5 {Tasc -0,86} 27. b4 {Genius
+1,42} a4 {Tasc -0,84} 28. c4 {Genius +1,98 (Stockfish +6,80)} Kd6 {Tasc -1,42}
29. Kb2 e5 30. Ka3 f5 31. Re2 f4 32. Kxa4 fxg3 33. fxg3 Rf5 34. Rd2+ Ke6 35.
Rd8 Rf2 36. a3 Rf3 37. g4 Rf4 38. Re8+ Kd6 39. c5+ Kd5 40. Re7 Rxg4 {Tasc -1,33
} 41. Rxc7 {Genius +3,51} Rxh4 {Tasc -1,42} 42. Rd7+ {Genius +4,26} Kc6 {
Tasc -1,17 (weitaus zu optimistisch).} 43. Rd6+ {Genius +4,35} Kc7 44. Kb5 e4 {
Tasc -1,44} 45. a4 {Genius +4,57} h5 {Tasc -1,19} 46. Rh6 {Genius +4,73} e3 {
Tasc -1,19} 47. Re6 {Genius +4,60} Rh3 {Tasc -2,09} 48. a5 {Genius +4,73} h4 {
Tasc -2,22} 49. a6 {Genius +6,51 (Stockfish Matt in 16)} e2 {Tasc -3,31} 50.
Rxe2 {Genius +8,73} Ra3 {Tasc -8,58} 51. c6 {Genius +10,14, Userentscheid 1-0}
1-0

[Event "Millennium CG Exclusive - Tasc R30 V2.5"]
[Site "Wien"]
[Date "2021.04.25"]
[Round "54"]
[White "Tasc R30 V2.5, aktiv"]
[Black "Millennium CG Exclusive"]
[Result "0-1"]
[WhiteElo "2335"]
[BlackElo "2402"]
[PlyCount "136"]
[EventDate "2021.??.??"]

1. e4 d6 2. d4 Nf6 3. Nc3 g6 4. Nf3 Bg7 5. Be2 {Buchende Tasc} c5 6. dxc5 {
Tasc ist mit seinem Buch sehr glücklich, +1,06.} Qa5 7. O-O Qxc5 {Buchende
Genius} 8. Be3 {Genius bewertet sein Buch mit -0,21} Qa5 9. Qd3 O-O 10. a3 Nc6
11. Nd5 Nxd5 12. exd5 Nd8 {Genius 0,00, für mich und Stockfish ein schlechter
Zug, viel besser wäre hier 12.Se5 gewesen, Stockfish +1,50 für Weiss.} 13.
Qb3 {Tasc +0,86, lt. Stockfish wirft dieser Zug den Vorteil wieder weg, viel
besser wäre hier 13. c3 gewesen.} Bg4 {Genius -0,07} 14. Rfe1 Rc8 15. Bg5 Qc7
16. Rac1 e5 17. Be3 b6 18. Ba6 Rb8 19. Nd2 Bc8 20. Qc4 Qxc4 21. Bxc4 f5 22. f3
Rb7 23. Bd3 e4 24. fxe4 f4 25. Bf2 Bxb2 26. Rb1 Bc3 27. Red1 Bg4 28. Nf3 Rc7
29. Be1 Bxe1 30. Rxe1 Bxf3 31. gxf3 Nf7 {Genius +0,65} 32. c4 {Tasc -0,41 
(Stockfish berwertet hier bereits +2,30 für Schwarz)} Ne5 {Genius +1,15} 33.
Be2 Nxc4 34. Rbc1 {Tasc -0,46} Rfc8 {Genius +1,32} 35. Rxc4 Rxc4 36. Bxc4 Rxc4
37. e5 {Tasc -0,68} dxe5 {Genius +1,26} 38. Rxe5 Rc5 {lt. Stockfish ein ganz
schlechter Zug, viel besser wäre hier Tc7 !!, dieser Zug ist gleich um 1,50
Bauerneinheiten schlechter} 39. Re8+ {Tasc -0,79, ein ganz schlechter Zug,
Stockfish bewertet hier 39. Te7 !! mit nur -0,33 für Weiss, diesen Zug
hingegen sofort mit +2,50 für Schwarz)} Kf7 {Genius +1,45} 40. Re4 Rxd5 41.
Rxf4+ {Tasc -0,77 (Stockfish +4,00 für Schwarz)} Ke6 {Genius +1,29} 42. Kf2
Rd3 43. a4 Rd5 44. Rh4 Rd2+ 45. Kg3 {An dieser Stelle ein Sonderkommentar: Mir
ist jetzt schon mehrfach aufgefallen, dass der Tasc R30 mit Turmendspielen
nicht sehr gut umgeht, er hat auch Probleme eine Rechentiefe zu erlangen, im
Mittelspiel ist er meist nur 2 HZ zurück gegenüber dem Genius in diesem
Endspiel sind es im Durchschnitt 4-5 HZ} Ra2 46. Rd4 Ke5 47. Rg4 Rc2 48. Re4+
Kf6 49. h4 Rc3 50. Rf4+ Ke6 51. Re4+ Kd6 52. Rd4+ Kc6 53. h5 gxh5 54. Rf4 a6
55. Rh4 Rc5 {Genius +1,57 (Stockfish +5,40)} 56. Rf4 {Tasc -0,99 (meiner
Meinung nach wieder viel zu optimistisch)} Rd5 {Genius +1,60} 57. Rc4+ Kd6 58.
Kf2 {Tasc -1,09} b5 {Genius +1,92} 59. axb5 {Tasc -1,22} axb5 60. Rh4 Kc5 61.
Ke3 b4 62. Rh1 b3 63. f4 {Tasc -1,68} Kb4 {Genius +3,51 (Stockfish +18,30)} 64.
Rb1 {Tasc -1,78} Kc3 {Genius +4,23} 65. Rc1+ {Tasc -3,18} Kb2 {Genius +5,10}
66. Rc8 {Tasc -3,30} Kb1 {Genius +5,26} 67. Ra8 {Tasc -3,54} b2 {Genius +5,59}
68. f5 {Tasc -4,15} Rxf5 {Genius +6,70, Userentscheid 0-1} 0-1

[Event "Millennium CG Exclusive - Tasc R30 V2.5"]
[Site "Wien"]
[Date "2021.04.26"]
[Round "55"]
[White "Millennium CG Exclusive"]
[Black "Tasc R30 V2.5, aktiv"]
[Result "1-0"]
[WhiteElo "2402"]
[BlackElo "2335"]
[PlyCount "137"]
[EventDate "2021.??.??"]

1. e4 Nf6 2. Nc3 e5 3. Bc4 Nc6 4. d3 Bb4 5. Nf3 d6 6. O-O Bxc3 7. bxc3 {
Buchende Genius} Na5 {Buchende Tasc} 8. Bb5+ {Genius bewertet sein Buch
positiv +0,31} c6 {Tasc bewertet sein Buch negativ -0,24} 9. Ba4 O-O 10. Bg5 b5
11. Bb3 h6 12. Bh4 g5 13. Bg3 {Stockfish hätte an dieser Stelle Sxg5 ! mit
einer Bewertung von +1,10 gespielt, aber ehrlich welcher Hobbyspieler hätte
das gespielt ?, ich jedenfalls hätte auch Lg3 gezogen.} Qe7 14. Qd2 c5 15. a4
Nxb3 16. cxb3 bxa4 17. Rxa4 Bg4 {Tasc -0,29, rechnet hier mit 18. h4.} 18. Nxg5
{Genius +0,84 (aus Stockfish hätte das gespielt)} Rfb8 {Tasc -0,56, Genius
hat diesen Zug erwartet, (Stockfish findet diesen Zug eine Katastrophe, gleich
2 Bauerneinheiten schlechter als 18.Sh5 !!, er bewertet hier mit der
Fortsetzung 19. h3 ! bereits mit +3,00 für Weiss)} 19. Nf3 {Genius +1,07,
sieht diese Fortsetzung nicht} Bxf3 20. gxf3 Kg7 {Tasc -0,70} 21. Ra3 {Genius
+1,21} a5 {Tasc -0,74} 22. f4 {Genius +1,59} Nh5 {Tasc -0,82 (lt. Stockfish
der beste Zug für Schwarz !)} 23. fxe5 {Genius +1,65} dxe5 24. Rfa1 Qc7 25.
Qe2 Nxg3 26. hxg3 Ra7 27. Qg4+ Kh7 28. Qf5+ Kg8 29. Qf6 Rb6 30. Qh4 Rd6 31.
Qg4+ Kf8 32. Qh5 Rxd3 {Tasc -0,83 (lt. Stockfish ein Katastrophenzug, er
hätte hier 32. Tf6 ! mit -2,00 bewertet, diesen Zug hingegen sofort mit -5,70,
also 3,70 Bauerneinheiten schlechter !)} 33. Qxh6+ {Genius +1,56} Ke7 34. Kg2
Qd6 35. Qxd6+ {Genius +1,60 (lt. Stockfish ist dieser Damentausch eine
Katastrophe, er bewertet hier Dh5 mit +6,00, diesen Zug hingegen nur noch mit
+2,00 also ganze 4 Bauerneinheiten schlechter), es kommt wieder zu einem
Turmendspiel mit Mehrbauern für den Genius, das sind denkbar schlechte
Voraussetzungen für den Tasc, mal sehen ob er diesmal noch Chancen hat.} Kxd6
{Tasc -0,92} 36. c4 {Genius +1,15} f6 {Tasc -0,86} 37. Kf1 {Genius +1,18} Rc3
38. R1a2 Kc6 39. Rxa5 Rxa5 40. Rxa5 {lt. Stockfish hat hier Weiss den ganzen
Vorteil verspielt, er schätzt das nur noch +0,17 für Weiss} Rxb3 {Tasc -0,86}
41. Ra6+ {Genius +1,35 (ich bin zwar kein Stockfish, aber meiner Meinung nach
hat hier Weiss schon noch Siegeschancen.)} Kd7 42. Rxf6 Rc3 43. Rf5 Kd6 44. Ke2
Rxc4 45. Ke3 Rc3+ 46. Kd2 Rc4 47. f3 Ke6 48. Kd3 Rd4+ 49. Ke3 Rd1 50. f4 exf4+
{Stockfish 0,00} 51. gxf4 {Genius +1,75} c4 {Tasc -0,88, an diesem Beispiel
sieht man wieder eindrucksvoll wie überlegen Stockfish ist, ich denke fast
jeder Hobbyspieler würde hier Weiss klar im Vorteil sehen, Tatsache ist
jedoch Stockfish bewertet 0,00 und man kann darauf wetten, dass er recht hat,
gegen ihn würde das keiner gewinnen.} 52. Ra5 {Genius +1,92 (aber vielleicht
gewinnt es der Genius gegen den Tasc)} Rd3+ 53. Ke2 Rd4 {Tasc -0,88, ein
tödlicher Fehler lt. Stockfish, hier springt die Bewertung von 0,00 innerhalb
von einer Sekunde auf +8,00 für Weiss, und wieder macht der Tasc im
Turmendspiel den entscheidenden Fehler.} 54. f5+ {Genius +2,51} Ke7 {Tasc -1,15
} 55. Ke3 {der richtige Zug, Tasc hätte hier e5 ?? gezogen, dann wäre es lt.
Stockfish wieder Remis gewesen, der Tasc hat wirklich sehr wenig Ahnung von
Turmendspielen.} Rd3+ 56. Kf4 c3 57. Rc5 Kd6 {Tasc -0,86} 58. Rc8 {Genius +2,54
} Kd7 {Tasc -0,89} 59. Rc4 {Genius +2,48} Rh3 {Tasc -0,99} 60. Ke5 {Genius +3,
10} Rd3 {endlich klingelt es beim Tasc -1,99 (trotzdem noch zu optimistisch)}
61. f6 Rf3 {Tasc -2,33} 62. Rc5 Rd3 63. Kf4 Kd6 {Tasc -1,44 (wird sogar wieder
optimistischer)} 64. f7 {Genius +3,76, mit diesem Zug überrascht er den Tasc,
der hatte mit 64. Tc4 gerechnet.} Ke7 {Tasc -1,90 (Stockfish Matt in 18)} 65.
Rc7+ Kf8 66. e5 {Genius +4,54} Rd8 {Tasc -4,20, na endlich !!} 67. e6 {Genius
+5,48} Ra8 {Tasc -8,80} 68. Ke5 {Genius +8,82} Kg7 69. Rxc3 {Userentscheid: 1-0
} 1-0

[Event "Millennium CG Exclusive - Tasc R30 V2.5"]
[Site "Wien"]
[Date "2021.04.26"]
[Round "56"]
[White "Tasc R30 V2.5, aktiv"]
[Black "Millennium CG Exclusive"]
[Result "1-0"]
[WhiteElo "2335"]
[BlackElo "2402"]
[PlyCount "67"]
[EventDate "2021.??.??"]

1. e4 e5 2. f4 Bc5 3. Nf3 d6 4. c3 {Buchende Tasc} Bb6 5. d4 {Tasc ist mit
seinem Buch zufrieden, +0,35} exd4 6. cxd4 Bg4 {Buchende Genius} 7. Be3 d5 {
Genius ist mit seinem Buch ebenfalls zufrieden, +0,37} 8. h3 Be6 9. exd5 Bxd5
10. Nc3 Nf6 11. Nxd5 Nxd5 12. Qa4+ c6 {Genius +0,67 (lt. Analyse von Stockfish
ist das ein Katastrophenzug, er bewertet 12. Sc6 ! mit +2,00, diesen Zug genau
ausgeglichen mit 0,00, ich muss an dieser Stelle zu meiner Schande sagen: ICH
HÄTTEN DEN GLEICHEN FEHLER GEMACHT WIE DER GENIUS)} 13. Qa3 Ba5+ 14. Bd2 {
Tasc +0,94.} Bxd2+ {Genius +0,25} 15. Kxd2 Nxf4 {Genius +0,04, ein
Katastrophenzug, der lt. Stockfish sofort die Partie verliert, +3,50 für Weiss
} 16. Re1+ {Tasc +1,27} Ne6 {Genius -0,15} 17. Bc4 Qc7 {Genius nur -0,32 von
dieser Stellung hat er keine Ahnung, Stockfish +7,00} 18. Bxe6 {Tasc +2,09}
fxe6 {Genius -0,71 (Stockfish +8,00)} 19. Rxe6+ Kd8 20. Rhe1 Qf4+ 21. Kd1 Nd7 {
Genius -1,68} 22. R1e4 Qf5 {Genius -2,31} 23. Qe7+ Kc8 24. Qxg7 Rd8 25. Re7 h5
26. Qg3 Qd5 27. Ng5 Qxa2 {Genius -0,84 ?? (Stockfish +12,00)} 28. Ne6 Qb1+ 29.
Kd2 Qxb2+ {Genius -3,21} 30. Ke1 Qb4+ 31. Kf1 Qb1+ 32. Re1 Qb5+ 33. Kg1 Qb6 34.
Nxd8 {Userentscheid: 1-0} 1-0